[Event "Calvia Amateur op 4th"]
[Site "Calvia"]
[Date "2007.10.06"]
[Round "1"]
[White "Gilabert Mallol, Estanislau"]
[Black "Monmeneu Chulia, Victor J"]
[Result "0-1"]
[WhiteElo "1966"]
[BlackElo "2197"]
[PlyCount "88"]
[EventDate "2007.10.06"]
[EventType "swiss"]
[EventRounds "9"]
[EventCountry "ESP"]
[SourceTitle "CBM 120 Extra"]
[Source "ChessBase"]
[SourceDate "2007.11.01"]
[SourceVersion "1"]
[SourceVersionDate "2007.11.01"]
[SourceQuality "1"]

1. e4 e5 2. Nf3 Nc6 3. Nc3 Bb4 4. d4 exd4 5. Nxd4 Nf6 6. Nxc6 bxc6 7. Bd3 d5 8. 0-0 Bg4 9. Qe1 0-0 10. e5 Nd7 11. f4 f5 12. a3 Be7 13. h3 Bh5 14. Ne2 Nc5 15. b4 Nxd3 16. cxd3 c5 17. Bd2 d4 18. Rc1 Be8 19. Rc2 Ba4 20. Rb2 Qd5 21. Qb1 Kh8 22. Kh2 c4 23. dxc4 Qxc4 24. Be1 d3 25. Nc3 Bc6 26. Qa2 Qxa2 27. Nxa2 Rfd8 28. Bd2 Ba4 29. Nc3 Bc2 30. g4 g6 31. Nd1 Ba4 32. Ne3 Bd7 33. Rc1 c6 34. Rc3 fxg4 35. hxg4 Be8 36. Kg3 h5 37. gxh5 gxh5 38. f5 Rd4 39. f6 h4+ 40. Kf3 Bh5+ 41. Kg2 Rg8+ 42. Kh2 Rf4 43. Be1 Bd8 44. Rxc6 Re4 0-1

[Event "Calvia op"]
[Site "Calvia"]
[Date "2006.10.17"]
[Round "7.19"]
[White "Castell Cantero, Salvador"]
[Black "Gilabert Mallol, Estanislau"]
[Result "1-0"]
[WhiteElo "2111"]
[BlackElo "1976"]
[PlyCount "89"]
[EventDate "2006.10.11"]
[EventType "swiss"]
[EventRounds "9"]
[EventCountry "ESP"]
[SourceTitle "EXT 2007"]
[Source "ChessBase"]
[SourceDate "2006.11.23"]
[SourceVersion "1"]
[SourceVersionDate "2006.11.23"]
[SourceQuality "1"]

1. d4 d5 2. c4 Bf5 3. Nc3 e6 4. Nf3 Nc6 5. Bf4 Nf6 6. e3 Be7 7. Be2 dxc4 8. Bxc4 a6 9. 0-0 0-0 10. Nh4 Bg4 11. Nf3 Bd6 12. Bxd6 Qxd6 13. Be2 Rfd8 14. Qb3 b5 15. Rac1 Na5 16. Qc2 Nb7 17. Ne4 Nxe4 18. Qxe4 Bxf3 19. Bxf3 Na5 20. Qd3 Ra7 21. Qc3 Nc4 22. b3 Nb6 23. Qc5 Kf8 24. Rc2 Ke7 25. Rfc1 Qxc5 26. Rxc5 Rd7 27. Kf1 Nd5 28. a3 b4 29. Bxd5 exd5 30. axb4 Rb7 31. b5 axb5 32. b4 Kd6 33. Rc6+ Ke7 34. R1c5 f6 35. Ra6 Kf7 36. Ra5 Rb6 37. Raxb5 Ra6 38. Rxd5 Ra1+ 39. Ke2 Re7 40. Rdc5 Ra2+ 41. Kf3 g5 42. Rb7 Kg6 43. Rcxc7 Re6 44. Rg7+ Kf5 45. g4# 1-0

[Event "Calvia op"]
[Site "Calvia"]
[Date "2006.10.13"]
[Round "3.19"]
[White "Gilabert Mallol, Estanislau"]
[Black "Mercant Simo, Jaime"]
[Result "1-0"]
[WhiteElo "1976"]
[BlackElo "2108"]
[PlyCount "71"]
[EventDate "2006.10.11"]
[EventType "swiss"]
[EventRounds "9"]
[EventCountry "ESP"]
[SourceTitle "EXT 2007"]
[Source "ChessBase"]
[SourceDate "2006.11.23"]
[SourceVersion "1"]
[SourceVersionDate "2006.11.23"]
[SourceQuality "1"]

1. e4 e6 2. d3 d5 3. Nd2 c5 4. Ngf3 Nc6 5. g3 Bd6 6. Bg2 Nge7 7. 0-0 0-0 8. Re1 Qc7 9. Nf1 f5 10. Ng5 h6 11. exd5 exd5 12. Nh3 Bd7 13. Bf4 d4 14. Nd2 Ng6 15. Bxd6 Qxd6 16. Nc4 Qf6 17. Nf4 Nxf4 18. gxf4 Rae8 19. Qf3 Nb4 20. Rxe8 Bxe8 21. Qxb7 Nxc2 22. Rc1 Nb4 23. Ne5 Qb6 24. a3 Na6 25. Bd5+ Kh7 26. Qe7 Rh8 27. Be6 Rf8 28. Qxf8 Qxe6 29. Re1 Bc6 30. Kf1 Bb7 31. Qf7 Qc8 32. Qg6+ Kg8 33. Qf7+ Kh7 34. Qg6+ Kg8 35. Nd7 Nc7 36. Re7 1-0